000 00378nam a2200169Ia 4500
001 614
003 IN-NITTTR
005 20251114232859.0
008 251113s9999||||xx |||||||||||||| ||eng||
040 _beng
040 _cIN-NITTTR
041 _aeng
082 _a510.02462 R72M
100 _aRose, W. N.
245 0 _aMathematics for engineers /
_cRose, W. N.
942 _2ddc
_cBK
999 _c216
_d216